<?xml version="1.0" encoding="UTF-8"?>
<record
    xmlns:xsi="http://www.w3.org/2001/XMLSchema-instance"
    xsi:schemaLocation="http://www.loc.gov/MARC21/slim http://www.loc.gov/standards/marcxml/schema/MARC21slim.xsd"
    xmlns="http://www.loc.gov/MARC21/slim">

  <leader>02465nas a2200277Ia 4500</leader>
  <controlfield tag="001">R170-R1587</controlfield>
  <controlfield tag="003">IT-CnALBA</controlfield>
  <controlfield tag="008">170116c99999999xx ||||||||||||   ||und||</controlfield>
  <datafield tag="040" ind1=" " ind2=" ">
    <subfield code="a">IT-CnALBA</subfield>
    <subfield code="c">IT-CnALBA</subfield>
  </datafield>
  <datafield tag="041" ind1=" " ind2=" ">
    <subfield code="a">ITALIANO</subfield>
  </datafield>
  <datafield tag="100" ind1=" " ind2=" ">
    <subfield code="a">BRUNELLO BRUNO</subfield>
  </datafield>
  <datafield tag="210" ind1=" " ind2=" ">
    <subfield code="a">RIVISTA INTERNAZIONALE DI FILOFOFIA POLITICA E SOCIALE</subfield>
  </datafield>
  <datafield tag="222" ind1=" " ind2=" ">
    <subfield code="a">RIVISTA INTERNAZIONALE DI FILOFOFIA POLITICA E SOCIALE</subfield>
  </datafield>
  <datafield tag="245" ind1=" " ind2="0">
    <subfield code="a">RIVISTA INTERNAZIONALE DI FILOSOFIA POLITICA E SOCIALE. N. I-IV. ANNO IX. 1965. </subfield>
  </datafield>
  <datafield tag="250" ind1=" " ind2=" ">
    <subfield code="a">1a ed.</subfield>
  </datafield>
  <datafield tag="260" ind1=" " ind2=" ">
    <subfield code="a"> BOLOGNA</subfield>
    <subfield code="b">FORNI ARNALDO EDITORE </subfield>
    <subfield code="c">1965</subfield>
  </datafield>
  <datafield tag="300" ind1=" " ind2=" ">
    <subfield code="a">480 p. </subfield>
  </datafield>
  <datafield tag="310" ind1=" " ind2=" ">
    <subfield code="a">TRIMESTRALE</subfield>
  </datafield>
  <datafield tag="362" ind1=" " ind2=" ">
    <subfield code="a">Fascicolo: 1-4 / Anno: 9 (1965)</subfield>
  </datafield>
  <datafield tag="500" ind1=" " ind2=" ">
    <subfield code="a">PROSPETTIVE COSTITUZIONALI DEGLI ATATI EUROPEI. STATALITA' GOVERNABILTA' POLITICA ED ECONOMIA NELLA CRISI DEL MONDO CONTEMPORANEO. RAPPRESENTANZA E SUFFRAGIO NELL'ANTICHIT&#xC0;. DEMOGRAFIA E DEMAGOGIA NEL PENSIERO POLITICO DI ARISTOTELE. MONDO DELLA POLITICA. IDENTIT&#xC0; E DINAMISMO DELLA CLASSE OPERAIA. SECONDO GEORGESSOREL. CONFERENZE DEI PAESI AFRO ASIATICI NON ALLINEATI. SOCIET&#xC0; E LEGGE IN FILANGIERI. MIGUEL UNAMUNO, DIGNIT&#xC0; UMANA DEL LAVORO. CONCILIO VATICANO II E COMUNISMO. OPINIONE PUBBLICA E CARENZA POLITICA. AUTONOMIA DELLA MAGISTRATURA. BENE COMUNE E PERSONA NELLO STATO CONTEMPORANEO. BORGHESIA E PROLETARIATO. AZIONE CATTOLICA INIZIO SECOLO XX. BIBLIOGRAFIA. RECENSIONI. INDICE ANNATA 1965. BRIGNOLE M. CASAGLI N. MANARINI G. ROSSI P. SPINELLI A. VOLTERRA S. PRINI P. FOTIA M. </subfield>
  </datafield>
  <datafield tag="501" ind1=" " ind2=" ">
    <subfield code="a">Societ&#xE0; San Paolo EM - Piazza San Paolo, 14 - 12051 ALBA (CN)  (non commercial uses only) &#xAE; Copyright 2017</subfield>
  </datafield>
  <datafield tag="520" ind1=" " ind2=" ">
    <subfield code="a">PROSPETTIVE COSTITUZIONALI DEGLI ATATI EUROPEI. STATALITA' GOVERNABILTA' POLITICA ED ECONOMIA NELLA CRISI DEL MONDO CONTEMPORANEO. RAPPRESENTANZA E SUFFRAGIO NELL'ANTICHIT&#xC0;. DEMOGRAFIA E DEMAGOGIA NEL PENSIERO POLITICO DI ARISTOTELE. MONDO DELLA POLITICA. IDENTIT&#xC0; E DINAMISMO DELLA CLASSE OPERAIA. SECONDO GEORGESSOREL. CONFERENZE DEI PAESI AFRO ASIATICI NON ALLINEATI. SOCIET&#xC0; E LEGGE IN FILANGIERI. MIGUEL UNAMUNO, DIGNIT&#xC0; UMANA DEL LAVORO. CONCILIO VATICANO II E COMUNISMO. OPINIONE PUBBLICA E CARENZA POLITICA. AUTONOMIA DELLA MAGISTRATURA. BENE COMUNE E PERSONA NELLO STATO CONTEMPORANEO. BORGHESIA E PROLETARIATO. AZIONE CATTOLICA INIZIO SECOLO XX. BIBLIOGRAFIA. RECENSIONI. INDICE ANNATA 1965. BRIGNOLE M. CASAGLI N. MANARINI G. ROSSI P. SPINELLI A. VOLTERRA S. PRINI P. FOTIA M. </subfield>
  </datafield>
  <datafield tag="650" ind1=" " ind2=" ">
    <subfield code="a">ETICA</subfield>
  </datafield>
  <datafield tag="942" ind1=" " ind2=" ">
    <subfield code="c">CR</subfield>
  </datafield>
  <datafield tag="957" ind1=" " ind2=" ">
    <subfield code="7">1</subfield>
  </datafield>
  <datafield tag="999" ind1=" " ind2=" ">
    <subfield code="a">11565</subfield>
    <subfield code="b">NO</subfield>
    <subfield code="g">1</subfield>
    <subfield code="c">319662</subfield>
    <subfield code="d">319662</subfield>
  </datafield>
  <datafield tag="952" ind1=" " ind2=" ">
    <subfield code="0">0</subfield>
    <subfield code="1">0</subfield>
    <subfield code="4">0</subfield>
    <subfield code="6">R_170R1587</subfield>
    <subfield code="7">1</subfield>
    <subfield code="a">ALBA</subfield>
    <subfield code="b">ALBA</subfield>
    <subfield code="d">2017-01-16</subfield>
    <subfield code="l">0</subfield>
    <subfield code="o">R170-R1587</subfield>
    <subfield code="r">2017-01-16 00:00:00</subfield>
    <subfield code="w">2017-01-16</subfield>
    <subfield code="y">CR</subfield>
    <subfield code="z">(data import: 16 gennaio 2017) - By Epidotti, Vaglietti. </subfield>
  </datafield>
</record>
